LEADER 01513nam0 2200337 i 450 001 SUN0007100 005 20070906120000.0 010 $a88-204-9716-6 020 $aIT$b97 2359 100 $a20020823d1996 |0itac50 ba 101 $aita 102 $aIT 105 $a|||| ||||| 200 1 $aContratti collettivi a confronto$eimpiego pubblico, industria, servizi$fa cura di Lorenzo Zoppoli 205 $aMilano : F. Angeli$b[1996] 210 $d471 p. ; 22 cm 215 $aIn appendice: Tabelle sinottiche comparative. 410 1$1001SUN0007179$12001 $aQuaderni Aran$v1$1210 $aMilano$cAngeli. 606 $aImpiegati pubblici$xContratti collettivi$2FI$3SUNC004222 620 $dMilano$3SUNL000284 676 $a344.45018904135$v21 702 1$aZoppoli$b, Lorenzo$3SUNV000999 712 $aAngeli$3SUNV000073$4650 801 $aIT$bSOL$c20181109$gRICA 912 $aSUN0007100 950 $aUFFICIO DI BIBLIOTECA DEL DIPARTIMENTO DI GIURISPRUDENZA$d00 CONS IX.Eam.13 $e00 12952 950 $aUFFICIO DI BIBLIOTECA DEL DIPARTIMENTO DI GIURISPRUDENZA$d00 CONS IX.Eao.5 $e00 18056 995 $aUFFICIO DI BIBLIOTECA DEL DIPARTIMENTO DI GIURISPRUDENZA$h12952$kCONS IX.Eam.13$op$qa 995 $aUFFICIO DI BIBLIOTECA DEL DIPARTIMENTO DI GIURISPRUDENZA$h18056$kCONS IX.Eao.5$op$qa 996 $aContratti collettivi a confronto$9690395 997 $aUNICAMPANIA LEADER 00947nam0-22003131i-450 001 990001702580403321 005 20190529131342.0 035 $a000170258 035 $aFED01000170258 035 $a(Aleph)000170258FED01 035 $a000170258 100 $a20030910d1974----km-y0itay50------ba 101 0 $aita 200 1 $aAspetti tecnici specifici (Meccanizzazione)$eprogetto Marche '80$fPietro Piccarolo, Roberto Verardi 210 $aBologna$c...$d1974 215 $ap. 49-70$d24 cm 300 $aEstr. da: Macchine e motori agricoli, n. 1,1974. 610 0 $aMeccanizzazione agricola 610 0 $aMarche 676 $a631.3 700 1$aPiccarolo,$bPietro$010759 701 1$aVerardi,$bRoberto$0354776 801 0$aIT$bUNINA$gRICA$2UNIMARC 901 $aLG 912 $a990001702580403321 952 $a60 OP. 103/1$b45745$fFAGBC 959 $aFAGBC 996 $aAspetti tecnici specifici (Meccanizzazione$9361726 997 $aUNINA